Famous Polar Expeditions Quiz - Statistics

General Stats
  • This quiz has been taken 18 times
  • The average score is 4 of 10
Answer Stats
Description Leader % Correct
First expedition to reach the South Pole Roald Amundsen
94%
Failed expedition to cross Antarctica where all explorers survived Sir Ernest Shackleton
82%
Failed expedition to South Pole where all explorers died Robert Falcon Scott (Terra Nova)
53%
Expedition where the Polar Plateau was discovered Robert Falcon Scott (Discovery)
41%
(Supposed) first expedition to reach the North Pole Robert Peary
41%
The other supposed first expedition to reach the North Pole Frederick Cook
18%
Failed expedition to reach the North Pole in the Fram Fridtjof Nansen
18%
First expedition to cross the interior of Greenland on ice-skis Fridtjof Nansen
18%
Expedition on the HMS Terror where McMurdo Sound was discovered and named Archibald McMurdo
0%
Failed expedition to reach the North Pole via the nonexistent Open Polar Sea in the Jeanette George Washington De Long
0%
No matching quizzes found
Score Distribution
Percent of People with Each Score
Percentile by Number Answered
Your Score History
You have not taken this quiz